Estudio experimental a largo plazo en vigas de concreto reforzadas con bambú
Gardado en:
| Autor Principal: | |
|---|---|
| Formato: | Libro |
| Publicado: |
San José, Costa Rica
1990
|
| Materias: | |
| Etiquetas: |
Engadir etiqueta
Sen Etiquetas, Sexa o primeiro en etiquetar este rexistro!
|
MARC
| LEADER | 00000nam a2200000Ia 4500 | ||
|---|---|---|---|
| 003 | 004958 | ||
| 005 | 20221231144333.0 | ||
| 008 | 140114s1990 cr a m 000 ||s d | ||
| 040 | |c cru CEDI | ||
| 090 | |a TFG 2328 | ||
| 100 | |a Navas Carro, Alejandro |9 8455 | ||
| 245 | |a Estudio experimental a largo plazo en vigas de concreto reforzadas con bambú | ||
| 260 | |c 1990 |a San José, Costa Rica | ||
| 300 | |a xiii, 108 hojas : ilustraciones ; 28 cm. | ||
| 500 | |a Tesis (licenciatura en ingenieria civil)--Universidad de Costa Rica. Facultad de Ingeniería. Escuela de Ingenieria Civil | ||
| 650 | |x VIGAS DE HORMIGON |9 13031 | ||
| 942 | |c TFG | ||
| 999 | |c 20362 |d 20362 | ||
